000 00862nmm a2200265 a 4500
001 ocm000955283
003 TR-IsHL
005 20201028150325.0
008 150110s2012 tu tur
007 cr cn
020 _a9786055237592
035 _a955283
_b(N$T)
050 0 4 _aPL240
_b.Y89 2012
090 0 4 _aPL240
_b.Y89 2012
245 1 0 _a101 sufi öyküsü
_h[electronic resource] /
_cderleyen H. Zekai Yiğitler
260 _aİstanbul :
_bKafekültür Yayıncılık,
_c2012
300 _a54 p.
650 4 _aDil ve Edebiyat
650 4 _aLanguage and Literature
650 0 _aKısa hikayeler, Tasavvuf
650 0 _aShort stories, Sufism
650 7 _aLITERARY COLLECTIONS / Middle Eastern
_2bisacsh
700 1 _aYiğitler, H. Zekai
856 4 0 _uhttp://search.ebscohost.com/login.aspx?direct=true&scope=site&db=e011xww&AN=955283
999 _c10411
_d10411